Censos económicos 1994 : resultados oportunos : información por localidad /
Disco que presenta información sobre 94 variables e indicadores económicos, del sector comercio, industria manufacturera y servicios no financieros prestados por el sector privado.
Bewaard in:
| Coauteur: | |
|---|---|
| Formaat: | Elektronisch |
| Taal: | Spaans |
| Gepubliceerd in: |
Aguascalientes, México :
Instituto Nacional de Estadística, Geografía e Informática,
1994, c1994
|
| Onderwerpen: | |
| Tags: |
Geen labels, Wees de eerste die dit record labelt!
|
MARC
| LEADER | 00000nmm^a2200000^a^4500 | ||
|---|---|---|---|
| 001 | 000105194 | ||
| 005 | 20250521000000.0 | ||
| 009 | 20260310093451.575 | ||
| 020 | |a 970-13-0486-1 | ||
| 037 | |a Acervo ITESO - Biblioteca | ||
| 041 | |a ESP | ||
| 082 | |a 330. 972 |b CEN 1994-ro | ||
| 110 | |a Instituto Nacional de Estadística, Geografía e Informática | ||
| 240 | 1 | 1 | |a [Censos económicos, 1994] |
| 245 | 1 | 0 | |a Censos económicos 1994 : |b resultados oportunos : información por localidad / |c INEGI. |
| 264 | 4 | |a Aguascalientes, México : |b Instituto Nacional de Estadística, Geografía e Informática, |c 1994, c1994 | |
| 300 | |a 1 disco compacto de computadora | ||
| 336 | |a datos para computadora |b cod |2 rdacontenido | ||
| 337 | |a computadora |b c |2 rdamedio | ||
| 338 | |a disco de computadora |b cd |2 rdasoporte | ||
| 520 | |a Disco que presenta información sobre 94 variables e indicadores económicos, del sector comercio, industria manufacturera y servicios no financieros prestados por el sector privado. | ||
| 649 | |a XX | ||
| 650 | |a Comercio - |z México - |x Estadísticas | ||
| 650 | |a Sector Servicios - |z México - |x Estadísticas | ||
| 650 | |a Industria - |z México - |x Estadísticas | ||
| 650 | |a Pesca - |z México - |x Estadísticas | ||
| 650 | |a Indicadores Económicos - |z México | ||
| 650 | |a Economía - |z México - |x Estadísticas | ||
| 650 | |a México - |x Condiciones Económicas | ||
| 650 | |a México - |x Estadísticas | ||
| 910 | |a Fondo General | ||
| 920 | |a Electrónicos - Recursos en Disco | ||
| 905 | |a 207 | ||
| 901 | |a 0500041114 |b IT2 |c SWB |u 20250521 | ||
| 902 | |a https://opac.biblio.iteso.mx/vufind/Record/000105194 | ||